| 000 | 00494nam a22001697a 4500 | ||
|---|---|---|---|
| 005 | 20240909142748.0 | ||
| 008 | 240909b |||||||| |||| 00| 0 eng d | ||
| 020 | _a040901978 X | ||
| 041 | _aEnglish | ||
| 082 | _a346.7 CIL | ||
| 100 | _lEnglish | ||
| 245 |
_aEntrepreneurial Law / _cHS Cilliers et al. |
||
| 260 |
_aDurban: _bButterworth Publishers (Pty) Ltd, _c1993 |
||
| 300 |
_bx, 460 pages; _c25 cm. |
||
| 650 |
_aLegal practice _bLaw |
||
| 942 |
_cBK _6ALISON_BN_VRIES |
||
| 999 |
_c3026 _d3026 |
||